[Event "Deutsche Ländermeisterschaft 2021"]
[Site "Neumünster GER"]
[Date "2021.10.03"]
[Round "3"]
[White "Muckle, Julius"]
[Black "Holinka, Henning"]
[Result "1-0"]
[Termination "normal"]
[Board "4.1"]
[WhiteTitle "FM"]
[WhiteElo "2414"]
[BlackElo "2244"]
[WhiteClock "00:24:44"]
[BlackClock "00:02:24"]
[WhiteTeam "Rheinland-Pfalz"]
[BlackTeam "Hamburg"]
[PlyCount "103"]
[WhiteFideId "12942430"]
[BlackFideId "12967084"]
[EventCountry "GER"]
[EventRounds "7"]
[EventType "team-swiss"]
[EventDate "2021.10.01"]

1. d4 {[%clk 1:30:57]} g6 {[%clk 1:30:52]} 2. e4 {[%clk 1:31:23]} Bg7 {[%clk
1:31:16]} 3. Nc3 {[%clk 1:31:48]} a6 {[%clk 1:31:38]} 4. f4 {[%clk 1:32:12]} d5
{[%clk 1:28:25]} 5. Nf3 {[%clk 1:12:41]} dxe4 {[%clk 1:23:22]} 6. Nxe4 {[%clk
1:13:09]} Nf6 {[%clk 1:16:45]} 7. Nxf6+ {[%clk 1:06:51]} Bxf6 {[%clk 1:16:47]}
8. Be3 {[%clk 1:05:35]} c5 {[%clk 1:12:27]} 9. c3 {[%clk 0:56:09]} cxd4 {[%clk
1:11:06]} 10. Nxd4 {[%clk 0:56:23]} Nc6 {[%clk 1:06:53]} 11. Nxc6 {[%clk
0:55:33]} Qxd1+ {[%clk 1:00:13]} 12. Rxd1 {[%clk 0:55:46]} bxc6 {[%clk
1:00:34]} 13. Bd4 {[%clk 0:54:31]} Be6 {[%clk 0:56:51]} 14. b3 {[%clk 0:42:48]}
c5 {[%clk 0:48:01]} 15. Bxf6 {[%clk 0:42:54]} exf6 {[%clk 0:48:18]} 16. Kd2
{[%clk 0:31:48]} Ke7 {[%clk 0:39:28]} 17. Kc2 {[%clk 0:21:23]} a5 {[%clk
0:33:58]} 18. Bb5 {[%clk 0:21:00]} Rhb8 {[%clk 0:31:29]} 19. a4 {[%clk
0:19:50]} Rd8 {[%clk 0:29:57]} 20. Bc4 {[%clk 0:18:59]} h5 {[%clk 0:14:33]} 21.
Rhe1 {[%clk 0:16:33]} Rab8 {[%clk 0:13:32]} 22. Rxd8 {[%clk 0:05:31]} Rxd8
{[%clk 0:13:49]} 23. Re4 {[%clk 0:05:08]} Rb8 {[%clk 0:08:16]} 24. Bxe6 {[%clk
0:02:33]} fxe6 {[%clk 0:08:42]} 25. b4 {[%clk 0:03:00]} cxb4 {[%clk 0:02:28]}
26. cxb4 {[%clk 0:03:28]} axb4 {[%clk 0:02:32]} 27. Kb3 {[%clk 0:03:50]} h4
{[%clk 0:01:55]} 28. Rxb4 {[%clk 0:02:54]} Rd8 {[%clk 0:01:37]} 29. a5 {[%clk
0:02:33]} Rd3+ {[%clk 0:01:37]} 30. Ka4 {[%clk 0:01:01]} Rd2 {[%clk 0:01:42]}
31. a6 {[%clk 0:01:17]} Kd6 {[%clk 0:00:52]} 32. Kb5 {[%clk 0:00:34]} Kc7
{[%clk 0:00:49]} 33. Kc4 {[%clk 0:00:35]} Rd6 {[%clk 0:00:40]} 34. Rb7+ {[%clk
0:00:43]} Kc8 {[%clk 0:00:36]} 35. Kb5 {[%clk 0:01:07]} e5 {[%clk 0:00:36]} 36.
fxe5 {[%clk 0:01:12]} fxe5 {[%clk 0:00:55]} 37. Rh7 {[%clk 0:01:16]} Kb8 {[%clk
0:00:54]} 38. Rxh4 {[%clk 0:01:36]} Rf6 {[%clk 0:00:35]} 39. Rg4 {[%clk
0:01:27]} Ka7 {[%clk 0:00:42]} 40. Kc5 {[%clk 0:01:24]} Rxa6 {[%clk 0:00:33]}
41. Kd5 {[%clk 0:29:05]} Kb7 {[%clk 0:28:21]} 42. Kxe5 {[%clk 0:29:23]} Kc7
{[%clk 0:28:27]} 43. Rd4 {[%clk 0:29:38]} Ra2 {[%clk 0:21:38]} 44. g4 {[%clk
0:29:12]} Ra6 {[%clk 0:08:47]} 45. h4 {[%clk 0:29:30]} Rb6 {[%clk 0:08:33]} 46.
g5 {[%clk 0:26:16]} Ra6 {[%clk 0:08:37]} 47. h5 {[%clk 0:23:32]} gxh5 {[%clk
0:07:37]} 48. Kf5 {[%clk 0:23:56]} Rd6 {[%clk 0:05:12]} 49. Re4 {[%clk
0:24:13]} Rd1 {[%clk 0:03:47]} 50. g6 {[%clk 0:24:34]} Kd7 {[%clk 0:02:08]} 51.
g7 {[%clk 0:24:36]} Rg1 {[%clk 0:02:24]} 52. Kf6 {[%clk 0:24:44]} 1-0

[Event "Deutsche Ländermeisterschaft 2021"]
[Site "Neumünster GER"]
[Date "2021.10.03"]
[Round "3"]
[White "Popist, Florian"]
[Black "Musiolik, David"]
[Result "1/2-1/2"]
[Termination "normal"]
[Board "4.2"]
[WhiteElo "2124"]
[BlackElo "2200"]
[WhiteClock "00:09:48"]
[BlackClock "00:04:58"]
[WhiteTeam "Hamburg"]
[BlackTeam "Rheinland-Pfalz"]
[PlyCount "82"]
[WhiteFideId "16203518"]
[BlackFideId "12972355"]
[EventCountry "GER"]
[EventRounds "7"]
[EventType "team-swiss"]
[EventDate "2021.10.01"]

1. e4 {[%clk 1:30:55]} e6 {[%clk 1:30:54]} 2. d4 {[%clk 1:31:17]} d5 {[%clk
1:31:20]} 3. Bd3 {[%clk 1:31:20]} c5 {[%clk 1:29:00]} 4. exd5 {[%clk 1:31:39]}
exd5 {[%clk 1:28:57]} 5. dxc5 {[%clk 1:28:05]} Bxc5 {[%clk 1:27:12]} 6. Nf3
{[%clk 1:27:16]} Nc6 {[%clk 1:22:15]} 7. O-O {[%clk 1:25:32]} Nge7 {[%clk
1:21:57]} 8. Nbd2 {[%clk 1:22:29]} O-O {[%clk 1:20:25]} 9. Nb3 {[%clk 1:22:19]}
Bb6 {[%clk 1:18:33]} 10. c3 {[%clk 1:07:44]} Bf5 {[%clk 1:12:57]} 11. Re1
{[%clk 1:06:26]} Qd6 {[%clk 1:05:27]} 12. Be3 {[%clk 1:04:24]} Bxd3 {[%clk
1:04:28]} 13. Qxd3 {[%clk 1:01:47]} Bc7 {[%clk 0:53:22]} 14. Bc5 {[%clk
0:59:24]} Qf6 {[%clk 0:50:52]} 15. Bxe7 {[%clk 0:55:56]} Nxe7 {[%clk 0:50:19]}
16. Qd4 {[%clk 0:54:58]} Qxd4 {[%clk 0:44:18]} 17. Nbxd4 {[%clk 0:55:15]} Ng6
{[%clk 0:43:49]} 18. Rad1 {[%clk 0:49:22]} Rfd8 {[%clk 0:41:06]} 19. Nf5 {[%clk
0:47:12]} Kf8 {[%clk 0:38:25]} 20. g3 {[%clk 0:46:53]} Rd7 {[%clk 0:36:07]} 21.
Rd2 {[%clk 0:42:52]} Rad8 {[%clk 0:33:01]} 22. Red1 {[%clk 0:41:58]} Ne7 {[%clk
0:30:03]} 23. Nxe7 {[%clk 0:39:04]} Kxe7 {[%clk 0:29:48]} 24. Kf1 {[%clk
0:35:51]} g6 {[%clk 0:28:33]} 25. Ke2 {[%clk 0:34:23]} Bb6 {[%clk 0:27:21]} 26.
Kd3 {[%clk 0:31:37]} Kf6 {[%clk 0:25:24]} 27. Re2 {[%clk 0:30:30]} h5 {[%clk
0:23:01]} 28. Nd4 {[%clk 0:28:02]} Re7 {[%clk 0:21:34]} 29. Rxe7 {[%clk
0:26:04]} Kxe7 {[%clk 0:22:00]} 30. Re1+ {[%clk 0:26:25]} Kf6 {[%clk 0:22:16]}
31. f4 {[%clk 0:25:38]} Bc7 {[%clk 0:21:15]} 32. Nf3 {[%clk 0:24:12]} Bb6
{[%clk 0:15:31]} 33. a3 {[%clk 0:21:16]} Rd7 {[%clk 0:14:19]} 34. a4 {[%clk
0:19:54]} Re7 {[%clk 0:13:50]} 35. Rxe7 {[%clk 0:18:24]} Kxe7 {[%clk 0:14:15]}
36. b4 {[%clk 0:18:42]} Kd6 {[%clk 0:12:14]} 37. a5 {[%clk 0:17:01]} Bd8 {[%clk
0:11:43]} 38. Nd4 {[%clk 0:16:31]} a6 {[%clk 0:11:55]} 39. Nb3 {[%clk 0:15:30]}
Kc6 {[%clk 0:07:52]} 40. Nd4+ {[%clk 0:10:58]} Kd6 {[%clk 0:06:30]} 41. h3
{[%clk 0:09:48]} Bc7 {[%clk 0:04:58]} 1/2-1/2

[Event "Deutsche Ländermeisterschaft 2021"]
[Site "Neumünster GER"]
[Date "2021.10.03"]
[Round "3"]
[White "Hinrichs, Paul"]
[Black "Hubert, Charlotte"]
[Result "1-0"]
[Termination "normal"]
[Board "4.3"]
[WhiteElo "2244"]
[BlackElo "1696"]
[WhiteClock "00:07:00"]
[BlackClock "00:00:37"]
[WhiteTeam "Rheinland-Pfalz"]
[BlackTeam "Hamburg"]
[PlyCount "79"]
[WhiteFideId "12942545"]
[BlackFideId "16265920"]
[EventCountry "GER"]
[EventRounds "7"]
[EventType "team-swiss"]
[EventDate "2021.10.01"]

1. Nf3 {[%clk 1:30:51]} d5 {[%clk 1:30:43]} 2. e3 {[%clk 1:30:13]} Nf6 {[%clk
1:30:37]} 3. c4 {[%clk 1:30:20]} c6 {[%clk 1:30:35]} 4. Nc3 {[%clk 1:30:42]} e6
{[%clk 1:29:50]} 5. b3 {[%clk 1:30:44]} Nbd7 {[%clk 1:27:25]} 6. Qc2 {[%clk
1:30:24]} Bd6 {[%clk 1:25:50]} 7. Bb2 {[%clk 1:29:21]} O-O {[%clk 1:22:49]} 8.
Rg1 {[%clk 1:28:49]} e5 {[%clk 1:10:41]} 9. cxd5 {[%clk 1:24:44]} Nxd5 {[%clk
1:05:12]} 10. Ne4 {[%clk 1:24:22]} Bc7 {[%clk 0:58:27]} 11. g4 {[%clk 1:23:46]}
N5f6 {[%clk 0:38:07]} 12. Ng3 {[%clk 1:13:06]} Re8 {[%clk 0:31:04]} 13. g5
{[%clk 1:02:29]} Nd5 {[%clk 0:30:31]} 14. O-O-O {[%clk 1:00:35]} a5 {[%clk
0:25:01]} 15. h4 {[%clk 0:59:12]} Nb4 {[%clk 0:23:02]} 16. Qb1 {[%clk 0:57:39]}
a4 {[%clk 0:18:28]} 17. a3 {[%clk 0:57:03]} Nd5 {[%clk 0:16:36]} 18. b4 {[%clk
0:53:31]} c5 {[%clk 0:14:08]} 19. Qe4 {[%clk 0:46:01]} Nf8 {[%clk 0:11:43]} 20.
b5 {[%clk 0:43:49]} Nb6 {[%clk 0:10:51]} 21. Qc2 {[%clk 0:28:18]} Qd5 {[%clk
0:07:39]} 22. Ne4 {[%clk 0:25:59]} Kh8 {[%clk 0:03:00]} 23. d3 {[%clk 0:14:11]}
Bf5 {[%clk 0:01:44]} 24. Nfd2 {[%clk 0:14:38]} Ra5 {[%clk 0:01:24]} 25. Nc3
{[%clk 0:13:33]} Qd7 {[%clk 0:01:34]} 26. e4 {[%clk 0:13:25]} Be6 {[%clk
0:01:41]} 27. h5 {[%clk 0:13:05]} Bg4 {[%clk 0:01:43]} 28. h6 {[%clk 0:08:32]}
Bxd1 {[%clk 0:01:11]} 29. hxg7+ {[%clk 0:08:53]} Kxg7 {[%clk 0:01:11]} 30. Qxd1
{[%clk 0:08:53]} Nc8 {[%clk 0:01:11]} 31. Qh5 {[%clk 0:08:54]} Ne7 {[%clk
0:00:48]} 32. Nc4 {[%clk 0:09:13]} Raa8 {[%clk 0:00:56]} 33. f4 {[%clk
0:08:55]} Qd4 {[%clk 0:00:43]} 34. Qh2 {[%clk 0:07:35]} Qd7 {[%clk 0:00:41]}
35. b6 {[%clk 0:07:29]} Bb8 {[%clk 0:00:49]} 36. f5 {[%clk 0:07:42]} Kg8 {[%clk
0:00:44]} 37. f6 {[%clk 0:07:08]} Neg6 {[%clk 0:00:50]} 38. Qh6 {[%clk
0:07:11]} Ne6 {[%clk 0:01:04]} 39. Rh1 {[%clk 0:06:43]} Nxg5 {[%clk 0:00:37]}
40. Qg7# {[%clk 0:07:00]} 1-0

[Event "Deutsche Ländermeisterschaft 2021"]
[Site "Neumünster GER"]
[Date "2021.10.03"]
[Round "3"]
[White "Yue, Qizhou"]
[Black "Wartenberg, Alissa"]
[Result "1-0"]
[Termination "normal"]
[Board "4.5"]
[WhiteElo "1842"]
[BlackElo "1662"]
[WhiteClock "00:08:09"]
[BlackClock "00:01:18"]
[WhiteTeam "Rheinland-Pfalz"]
[BlackTeam "Hamburg"]
[PlyCount "119"]
[WhiteFideId "16273800"]
[BlackFideId "16280741"]
[EventCountry "GER"]
[EventRounds "7"]
[EventType "team-swiss"]
[EventDate "2021.10.01"]

1. e4 {[%clk 1:30:57]} e5 {[%clk 1:30:55]} 2. Nf3 {[%clk 1:31:21]} Nc6 {[%clk
1:31:19]} 3. d4 {[%clk 1:31:45]} exd4 {[%clk 1:31:44]} 4. Nxd4 {[%clk 1:32:09]}
Bc5 {[%clk 1:32:05]} 5. Nb3 {[%clk 1:29:28]} Bb6 {[%clk 1:30:21]} 6. Nc3 {[%clk
1:28:28]} Nf6 {[%clk 1:26:57]} 7. Qe2 {[%clk 1:23:30]} d6 {[%clk 1:18:23]} 8.
Bg5 {[%clk 1:22:19]} h6 {[%clk 1:11:58]} 9. Bh4 {[%clk 1:21:45]} g5 {[%clk
1:07:21]} 10. Bg3 {[%clk 1:21:58]} Qe7 {[%clk 1:05:35]} 11. O-O-O {[%clk
1:18:50]} Bd7 {[%clk 1:03:22]} 12. h3 {[%clk 0:58:54]} a6 {[%clk 1:01:26]} 13.
Kb1 {[%clk 0:54:56]} O-O-O {[%clk 1:01:27]} 14. f4 {[%clk 0:49:31]} Rde8 {[%clk
0:59:11]} 15. Re1 {[%clk 0:48:11]} gxf4 {[%clk 0:53:31]} 16. Bxf4 {[%clk
0:43:59]} Nd4 {[%clk 0:41:55]} 17. Qd2 {[%clk 0:35:36]} Nxb3 {[%clk 0:41:07]}
18. axb3 {[%clk 0:34:15]} Ba5 {[%clk 0:38:05]} 19. Bd3 {[%clk 0:32:39]} Bc6
{[%clk 0:30:17]} 20. e5 {[%clk 0:27:58]} Bxc3 {[%clk 0:23:39]} 21. bxc3 {[%clk
0:27:48]} Nd5 {[%clk 0:18:45]} 22. Bf5+ {[%clk 0:18:40]} Kb8 {[%clk 0:16:39]}
23. exd6 {[%clk 0:17:45]} Qf6 {[%clk 0:16:08]} 24. dxc7+ {[%clk 0:15:54]} Nxc7
{[%clk 0:13:58]} 25. Bxc7+ {[%clk 0:10:48]} Kxc7 {[%clk 0:14:16]} 26. Qf4+ Qd6
{[%clk 0:09:28]} 27. Qc4 {[%clk 0:09:17]} Qf6 {[%clk 0:06:12]} 28. Be4 {[%clk
0:08:50]} Re6 {[%clk 0:02:52]} 29. Bd5 {[%clk 0:06:45]} Rxe1+ {[%clk 0:02:13]}
30. Rxe1 {[%clk 0:07:09]} Rf8 {[%clk 0:02:06]} 31. Bxc6 {[%clk 0:06:57]} Qxc6
{[%clk 0:02:09]} 32. Re7+ {[%clk 0:05:45]} Kb8 {[%clk 0:02:32]} 33. Qxc6 {[%clk
0:03:50]} bxc6 {[%clk 0:02:59]} 34. Kc1 {[%clk 0:03:17]} h5 {[%clk 0:02:23]}
35. Re5 {[%clk 0:02:17]} Rh8 {[%clk 0:02:30]} 36. Rf5 {[%clk 0:02:31]} Rh7
{[%clk 0:02:57]} 37. c4 {[%clk 0:02:21]} Kc7 {[%clk 0:03:18]} 38. c5 {[%clk
0:02:34]} h4 {[%clk 0:02:48]} 39. Rf4 {[%clk 0:02:41]} Kb7 {[%clk 0:02:51]} 40.
b4 {[%clk 0:02:32]} Kc7 {[%clk 0:02:13]} 41. Rf6 {[%clk 0:28:40]} Kd7 {[%clk
0:25:20]} 42. Kb2 {[%clk 0:28:33]} Kc7 {[%clk 0:24:46]} 43. Kb3 {[%clk
0:28:04]} Rg7 {[%clk 0:19:47]} 44. c3 {[%clk 0:25:27]} Kb7 {[%clk 0:15:14]} 45.
Ka4 {[%clk 0:18:55]} Kc7 {[%clk 0:11:42]} 46. Ka5 {[%clk 0:18:23]} Kb7 {[%clk
0:11:34]} 47. c4 {[%clk 0:17:47]} Rh7 {[%clk 0:06:20]} 48. Rf4 {[%clk 0:10:07]}
Rg7 {[%clk 0:05:24]} 49. b5 {[%clk 0:08:17]} axb5 {[%clk 0:04:41]} 50. cxb5
{[%clk 0:08:41]} cxb5 {[%clk 0:05:06]} 51. Kxb5 {[%clk 0:09:08]} Rxg2 {[%clk
0:02:25]} 52. Rxf7+ {[%clk 0:09:31]} Kb8 {[%clk 0:02:44]} 53. Rf4 {[%clk
0:09:21]} Rb2+ {[%clk 0:02:47]} 54. Kc6 {[%clk 0:09:28]} Rb7 {[%clk 0:01:43]}
55. Rxh4 {[%clk 0:09:30]} Rc7+ {[%clk 0:02:00]} 56. Kd6 {[%clk 0:09:45]} Rg7
{[%clk 0:01:40]} 57. c6 {[%clk 0:08:16]} Rg6+ {[%clk 0:01:08]} 58. Kc5 {[%clk
0:08:37]} Rg5+ {[%clk 0:01:13]} 59. Kb6 {[%clk 0:08:52]} Rg8 {[%clk 0:01:18]}
60. Rh7 {[%clk 0:08:09]} 1-0

[Event "Deutsche Ländermeisterschaft 2021"]
[Site "Neumünster GER"]
[Date "2021.10.03"]
[Round "3"]
[White "Dorendorf, Mika"]
[Black "Colditz, Elias"]
[Result "0-1"]
[Termination "normal"]
[Board "4.6"]
[WhiteElo "1528"]
[BlackElo "1606"]
[WhiteClock "00:40:44"]
[BlackClock "00:07:35"]
[WhiteTeam "Hamburg"]
[BlackTeam "Rheinland-Pfalz"]
[PlyCount "70"]
[WhiteFideId "16283066"]
[BlackFideId "16298039"]
[EventCountry "GER"]
[EventRounds "7"]
[EventType "team-swiss"]
[EventDate "2021.10.01"]

1. d4 {[%clk 1:30:57]} Nf6 {[%clk 1:30:41]} 2. c4 {[%clk 1:31:22]} e6 {[%clk
1:30:47]} 3. Nc3 {[%clk 1:31:31]} d5 {[%clk 1:29:18]} 4. cxd5 {[%clk 1:31:30]}
exd5 {[%clk 1:29:36]} 5. Bg5 {[%clk 1:31:51]} Bb4 {[%clk 1:24:21]} 6. Qb3
{[%clk 1:30:33]} Bxc3+ {[%clk 1:16:43]} 7. bxc3 {[%clk 1:30:22]} c6 {[%clk
1:16:44]} 8. e3 {[%clk 1:30:21]} O-O {[%clk 1:14:29]} 9. Bd3 {[%clk 1:28:34]}
Nbd7 {[%clk 1:12:32]} 10. Nf3 {[%clk 1:26:59]} Qb6 {[%clk 1:09:45]} 11. c4
{[%clk 1:24:29]} Qa5+ {[%clk 1:05:28]} 12. Nd2 {[%clk 1:22:16]} dxc4 {[%clk
1:05:11]} 13. Qxc4 {[%clk 1:21:46]} Qxg5 {[%clk 1:05:19]} 14. Kf1 {[%clk
1:16:40]} Nb6 {[%clk 1:04:27]} 15. Qc2 {[%clk 1:16:33]} h6 {[%clk 1:00:59]} 16.
f4 {[%clk 1:12:42]} Qd5 {[%clk 0:59:22]} 17. h3 {[%clk 1:08:30]} g5 {[%clk
0:47:38]} 18. f5 {[%clk 1:06:02]} Nh5 {[%clk 0:45:43]} 19. Kf2 {[%clk 1:05:17]}
Kg7 {[%clk 0:39:27]} 20. g4 {[%clk 1:04:18]} Nf6 {[%clk 0:39:40]} 21. Nf3
{[%clk 1:03:49]} Re8 {[%clk 0:37:01]} 22. Rae1 {[%clk 1:00:22]} Ne4+ {[%clk
0:34:00]} 23. Kg2 {[%clk 0:59:33]} c5 {[%clk 0:31:50]} 24. dxc5 {[%clk
0:55:08]} Nxc5 {[%clk 0:30:35]} 25. Bb5 {[%clk 0:52:33]} Nbd7 {[%clk 0:26:16]}
26. Rd1 {[%clk 0:49:36]} Qe4 {[%clk 0:25:48]} 27. Qb2+ {[%clk 0:48:41]} f6
{[%clk 0:25:56]} 28. Rd4 {[%clk 0:45:38]} Qe7 {[%clk 0:22:01]} 29. h4 {[%clk
0:45:39]} Rh8 {[%clk 0:18:13]} 30. hxg5 {[%clk 0:44:47]} hxg5 {[%clk 0:18:18]}
31. Rxh8 Kxh8 {[%clk 0:18:40]} 32. Nxg5 {[%clk 0:43:57]} Qxe3 {[%clk 0:17:35]}
33. Bxd7 {[%clk 0:42:57]} Bxd7 {[%clk 0:14:42]} 34. Rf4 {[%clk 0:41:15]} Bc6+
{[%clk 0:14:08]} 35. Nf3 {[%clk 0:40:44]} Qxf4 {[%clk 0:07:35]} 0-1

[Event "Deutsche Ländermeisterschaft 2021"]
[Site "Neumünster GER"]
[Date "2021.10.03"]
[Round "3"]
[White "Müller, Riyanna"]
[Black "Wartenberg, Alexander"]
[Result "1-0"]
[Termination "normal"]
[Board "4.7"]
[WhiteElo "1505"]
[BlackElo "1420"]
[WhiteClock "00:19:51"]
[BlackClock "00:19:09"]
[WhiteTeam "Rheinland-Pfalz"]
[BlackTeam "Hamburg"]
[PlyCount "103"]
[WhiteFideId "16287401"]
[BlackFideId "16280768"]
[EventCountry "GER"]
[EventRounds "7"]
[EventType "team-swiss"]
[EventDate "2021.10.01"]

1. e4 {[%clk 1:30:55]} e5 {[%clk 1:30:55]} 2. Nf3 {[%clk 1:31:11]} Nf6 {[%clk
1:31:17]} 3. Nc3 {[%clk 1:31:02]} Nc6 {[%clk 1:31:40]} 4. d4 {[%clk 1:31:17]}
exd4 {[%clk 1:32:03]} 5. Nxd4 {[%clk 1:31:22]} Bb4 {[%clk 1:32:22]} 6. Nxc6
{[%clk 1:30:56]} bxc6 {[%clk 1:32:43]} 7. Bd3 {[%clk 1:30:25]} d5 {[%clk
1:32:39]} 8. exd5 {[%clk 1:30:04]} cxd5 {[%clk 1:33:00]} 9. O-O {[%clk
1:29:26]} O-O {[%clk 1:33:22]} 10. Bg5 {[%clk 1:28:53]} c6 {[%clk 1:33:30]} 11.
Qf3 {[%clk 1:27:49]} h6 {[%clk 1:32:54]} 12. Bxf6 {[%clk 1:24:13]} Qxf6 {[%clk
1:33:10]} 13. Qxf6 {[%clk 1:23:56]} gxf6 {[%clk 1:33:28]} 14. f4 {[%clk
1:21:17]} Re8 {[%clk 1:32:06]} 15. Rae1 {[%clk 1:19:28]} Bd7 {[%clk 1:31:39]}
16. a3 {[%clk 1:17:43]} Ba5 {[%clk 1:31:46]} 17. b4 {[%clk 1:16:13]} Bb6+
{[%clk 1:32:06]} 18. Kh1 {[%clk 1:16:04]} Be3 {[%clk 1:29:30]} 19. Na4 {[%clk
1:08:09]} a5 {[%clk 1:25:59]} 20. Nc5 {[%clk 1:02:29]} Bxc5 {[%clk 1:25:42]}
21. bxc5 {[%clk 1:02:48]} Rxe1 {[%clk 1:25:11]} 22. Rxe1 {[%clk 1:02:43]} Rb8
{[%clk 1:25:35]} 23. h3 {[%clk 1:01:13]} Kf8 {[%clk 1:25:46]} 24. Kh2 {[%clk
0:58:35]} f5 {[%clk 1:24:56]} 25. Kg3 {[%clk 0:56:56]} f6 {[%clk 1:24:47]} 26.
Kh4 {[%clk 0:55:35]} Kf7 {[%clk 1:23:40]} 27. g4 {[%clk 0:51:26]} fxg4 {[%clk
1:20:21]} 28. hxg4 {[%clk 0:51:27]} Re8 {[%clk 1:18:34]} 29. Rb1 {[%clk
0:48:52]} Rg8 {[%clk 0:55:08]} 30. Rb7 {[%clk 0:44:54]} Ke8 {[%clk 0:54:17]}
31. f5 {[%clk 0:39:29]} Ke7 {[%clk 0:47:09]} 32. Be2 {[%clk 0:36:59]} Rg5
{[%clk 0:34:37]} 33. Ra7 {[%clk 0:27:39]} Kd8 {[%clk 0:29:04]} 34. Bd3 {[%clk
0:25:58]} Be8 {[%clk 0:24:10]} 35. Rxa5 {[%clk 0:25:52]} h5 {[%clk 0:24:15]}
36. Ra4 {[%clk 0:19:17]} hxg4 {[%clk 0:23:37]} 37. Rxg4 {[%clk 0:19:38]} Rxg4+
{[%clk 0:23:35]} 38. Kxg4 {[%clk 0:19:57]} Kc7 {[%clk 0:23:53]} 39. Kh4 {[%clk
0:19:28]} Kb7 {[%clk 0:23:24]} 40. Be2 {[%clk 0:18:05]} Bd7 {[%clk 0:22:53]}
41. Bg4 {[%clk 0:17:04]} Be8 {[%clk 0:22:42]} 42. Bh5 {[%clk 0:16:53]} Bd7
{[%clk 0:21:51]} 43. Bg6 {[%clk 0:16:55]} Ka6 {[%clk 0:22:14]} 44. Kh5 {[%clk
0:17:17]} Kb5 {[%clk 0:22:38]} 45. Kh6 {[%clk 0:17:33]} Kxc5 {[%clk 0:22:55]}
46. Kg7 Kb5 {[%clk 0:21:48]} 47. Kxf6 {[%clk 0:18:16]} Ka4 {[%clk 0:22:09]} 48.
Ke7 {[%clk 0:18:31]} Bxf5 {[%clk 0:20:17]} 49. Bxf5 {[%clk 0:18:54]} c5 {[%clk
0:19:23]} 50. Kd6 {[%clk 0:19:14]} d4 {[%clk 0:19:01]} 51. Kxc5 {[%clk
0:19:31]} d3 {[%clk 0:19:09]} 52. cxd3 {[%clk 0:19:51]} 1-0

[Event "Deutsche Ländermeisterschaft 2021"]
[Site "Neumünster GER"]
[Date "2021.10.03"]
[Round "3"]
[White "Stas, Antonia"]
[Black "Huang, Luca Hanson"]
[Result "0-1"]
[Termination "normal"]
[Board "4.8"]
[WhiteElo "1294"]
[BlackElo "1519"]
[WhiteClock "00:30:29"]
[BlackClock "01:01:05"]
[WhiteTeam "Hamburg"]
[BlackTeam "Rheinland-Pfalz"]
[PlyCount "55"]
[WhiteFideId "16217403"]
[BlackFideId "16279182"]
[EventCountry "GER"]
[EventRounds "7"]
[EventType "team-swiss"]
[EventDate "2021.10.01"]

1. e4 {[%clk 1:30:58]} c5 {[%clk 1:30:43]} 2. Bc4 {[%clk 1:30:56]} e6 {[%clk
1:30:40]} 3. Nc3 {[%clk 1:30:36]} Nc6 {[%clk 1:29:18]} 4. Nf3 {[%clk 1:28:42]}
Nf6 {[%clk 1:28:53]} 5. e5 {[%clk 1:26:11]} Ng4 {[%clk 1:28:33]} 6. d4 {[%clk
1:17:12]} cxd4 {[%clk 1:28:39]} 7. Nxd4 {[%clk 1:17:32]} Ngxe5 {[%clk 1:28:06]}
8. Bb3 {[%clk 1:15:03]} Bc5 {[%clk 1:25:35]} 9. Nxc6 {[%clk 1:12:53]} Nxc6
{[%clk 1:25:32]} 10. Ne4 {[%clk 1:02:49]} Be7 11. Qg4 {[%clk 0:54:37]} Qa5+
{[%clk 1:18:15]} 12. Nc3 {[%clk 0:41:08]} O-O {[%clk 1:16:07]} 13. O-O {[%clk
0:36:57]} f5 {[%clk 1:11:41]} 14. Qg3 {[%clk 0:24:50]} Nd4 {[%clk 1:08:32]} 15.
Bf4 {[%clk 0:21:09]} Qxc3 {[%clk 1:05:48]} 16. bxc3 {[%clk 0:15:01]} Ne2+
{[%clk 1:06:03]} 17. Kh1 {[%clk 0:15:23]} Nxg3+ {[%clk 1:06:25]} 18. fxg3
{[%clk 0:15:44]} b6 {[%clk 1:06:07]} 19. a4 {[%clk 0:13:11]} Ba6 {[%clk
1:05:54]} 20. c4 {[%clk 0:11:27]} Rac8 {[%clk 1:05:25]} 21. Rfd1 {[%clk
0:10:58]} Rfd8 {[%clk 1:05:21]} 22. Rd4 {[%clk 0:09:49]} Bf6 {[%clk 1:05:26]}
23. Rad1 {[%clk 0:07:15]} Bxd4 {[%clk 1:05:41]} 24. Rxd4 {[%clk 0:07:41]} h6
{[%clk 1:04:44]} 25. h4 {[%clk 0:06:38]} Rc5 {[%clk 1:03:28]} 26. Bd2 {[%clk
0:04:25]} Kf7 {[%clk 1:01:26]} 27. Bb4 {[%clk 0:04:02]} Re5 {[%clk 1:01:05]}
28. Rd6 {[%clk 0:30:29]} 0-1

[Event "Deutsche Ländermeisterschaft 2021"]
[Site "Neumünster GER"]
[Date "2021.10.03"]
[Round "3"]
[White "Färber, David"]
[Black "Weishäutel, Moritz"]
[Result "1/2-1/2"]
[Termination "normal"]
[Board "5.1"]
[WhiteElo "2318"]
[BlackElo "2248"]
[WhiteClock "00:28:15"]
[BlackClock "00:52:57"]
[WhiteTeam "Baden"]
[BlackTeam "Thüringen"]
[PlyCount "56"]
[WhiteFideId "12971294"]
[BlackFideId "12967300"]
[EventCountry "GER"]
[EventRounds "7"]
[EventType "team-swiss"]
[EventDate "2021.10.01"]

1. e4 {[%clk 1:30:57]} c5 {[%clk 1:30:57]} 2. Nf3 {[%clk 1:31:19]} d6 {[%clk
1:31:23]} 3. d4 {[%clk 1:30:56]} cxd4 {[%clk 1:31:50]} 4. Nxd4 {[%clk 1:30:53]}
Nf6 {[%clk 1:32:16]} 5. Nc3 {[%clk 1:27:54]} g6 {[%clk 1:32:37]} 6. Be3 {[%clk
1:26:58]} Bg7 {[%clk 1:33:03]} 7. f3 {[%clk 1:27:19]} O-O {[%clk 1:33:24]} 8.
Qd2 {[%clk 1:27:38]} Nc6 {[%clk 1:33:49]} 9. Bc4 {[%clk 1:26:10]} Nxd4 {[%clk
1:34:04]} 10. Bxd4 {[%clk 1:26:31]} Be6 {[%clk 1:34:30]} 11. Bxe6 {[%clk
1:18:07]} fxe6 {[%clk 1:34:56]} 12. O-O-O {[%clk 1:18:25]} Qa5 {[%clk 1:34:48]}
13. Rhe1 {[%clk 1:13:54]} Nd7 {[%clk 1:33:50]} 14. Bxg7 {[%clk 1:13:49]} Kxg7
{[%clk 1:34:15]} 15. e5 {[%clk 1:10:38]} d5 16. a3 Rac8 {[%clk 1:30:18]} 17.
Ne2 {[%clk 1:11:02]} Qxd2+ {[%clk 1:29:18]} 18. Rxd2 {[%clk 1:10:27]} Kf7
{[%clk 1:28:56]} 19. f4 {[%clk 1:08:56]} h6 {[%clk 1:23:42]} 20. Nd4 {[%clk
1:08:06]} Nb8 {[%clk 1:22:57]} 21. h4 {[%clk 1:06:26]} Nc6 {[%clk 1:20:10]} 22.
Nf3 {[%clk 1:06:49]} Ke8 {[%clk 1:17:12]} 23. g3 {[%clk 1:05:19]} Kd7 {[%clk
1:17:26]} 24. b3 {[%clk 1:03:59]} a5 {[%clk 1:13:46]} 25. a4 {[%clk 0:43:22]}
Rc7 {[%clk 0:56:21]} 26. Re3 {[%clk 0:37:48]} Rfc8 {[%clk 0:53:50]} 27. Kb2
{[%clk 0:36:25]} Ke8 {[%clk 0:52:57]} 28. Rc3 {[%clk 0:28:15]} Kf7 1/2-1/2